[Event "FAI-ch Junior Gr C"]
[White "Bjornsson, Agust Bragi"]
[Black "Kjar, Malte Brogger"]
[Site "Torshavn"]
[Round "6"]
[Result "1/2-1/2"]
[Date "2003.02.??"]
[WhiteElo "1630"]
[BlackElo "1455"]
[PlyCount "123"]
[EventDate "2003.02.??"]
[EventType "swiss"]
[EventRounds "6"]
[EventCountry "FAI"]
[SourceTitle "EXT 2024"]
[Source "ChessBase"]
[SourceDate "2023.10.10"]
[SourceVersion "1"]
[SourceVersionDate "2023.10.10"]
[SourceQuality "1"]

1. d4 Nf6 2. Nf3 g6 3. Bf4 d6 4. h3 Bg7 5. c3 Bf5 6. Nbd2 0-0 7. e3 Nbd7 8. Nh4 Be4 9. Nxe4 Nxe4 10. Nf3 c5 11. Bd3 d5 12. Qc2 cxd4 13. exd4 Ndf6 14. Ne5 Nd6 15. h4 Nh5 16. Be3 f6 17. Nf3 e5 18. g4 Ng3 19. fxg3 e4 20. Qb3 exd3 21. Qxd5+ Kh8 22. 0-0-0 Qb6 23. Rxd3 Rad8 24. Qb3 Qa6 25. Kc2 Rfe8 26. g5 Nf5 27. Bf4 Re2+ 28. Rd2 Rxd2+ 29. Kxd2 Qc6 30. Rf1 fxg5 31. Ne5 Qg2+ 32. Ke1 Re8 33. Rf2 Qg1+ 34. Rf1 Qg2 35. Qb5 Re7 36. Bxg5 Qxg3+ 37. Kd2 Re6 38. Re1 Bxe5 39. Rxe5 Rxe5 40. Qxe5+ Qxe5 41. dxe5 Kg8 42. Kd3 Kf7 43. b4 Ke6 44. Bf6 h6 45. Ke4 Ng3+ 46. Kf3 Nh5 47. Bh8 g5 48. hxg5 hxg5 49. Kg4 Nf4 50. Kxg5 Nd5 51. Bg7 Nxc3 52. a3 Nb1 53. a4 Nc3 54. a5 Nd5 55. Bf8 Kxe5 56. Bc5 a6 57. Kg6 Nc3 58. Kf7 Kd5 59. Ke8 Kc4 60. Kd7 Nd5 61. Kc8 Nxb4 62. Bb6 1/2-1/2